League of Legends S7 World's teams + extras - Statistics

General Stats
  • This quiz has been taken 384 times
  • The average score is 10 of 15
Answer Stats
Country Answer % Correct
Europe (#1 rep) Fnatic
95%
Europe (#2 rep) G2 Esports
94%
Korea (#2 rep) SK Telecom T1
89%
North America (#3 rep) Cloud 9
88%
North America (#1 rep) Team SoloMid
87%
Did Faker cry? Y/N Yes
84%
China (#1 rep) Royal Never Give Up
83%
Korea (#3 rep) Samsung Galaxy
79%
Winner of Worlds Samsung Galaxy
78%
Europe (#3 rep) Misfits
65%
North America (#2 rep) Immortals
52%
China (#2 rep) World Elite
49%
Korea (#1 rep) Longzhu Gaming
44%
City worlds took place in Wuhan
12%
Wildcard 1907 Fenerbahçe Esports
9%
No matching quizzes found
Score Distribution
Percent of People with Each Score
Percentile by Number Answered
Your Score History
You have not taken this quiz